000 01189nam a22002417a 4500
005 20121010141910.0
008 121010t xxu||||| |||| 00| 0 mar d
010 _aMAR-22884
020 _c120.00
_a9788184984408
035 _aMR-15542
037 _bDBAD/PUB
040 _aDPL
_bMR
082 _a921
100 _953016
_aअब्दुल कलाम, ए.पी.जे
245 _aटर्निंग पॉइंट् स /
_cए.पी.जे अब्दुल कलाम ; अंजनी नरवणे द्वारा अनुवादित
246 _aTurnning Points
_bby A.P.J.Abdul Kalam
260 _aपुणे
_bमेहता पब्लिशिंग हाऊस
_c2012
270 _bपुणे
_a1941,सदाशिव पेठ,माडीवाले कॉलनी,
_e411030
300 _a148पृ
_c21सेमी(अजिल्द)
_bसचित्र
700 _aनरवणे, अंजनी
_954465
942 _2ddc
_cMR
_mअब्दुल
_h921
999 _c72331
_d72331